00769nam a22002537a 4500003000500000005001700005008004100022010000900063011000900072035000900081040000900090100003200099245012700131260004800258300000900306500001100315650001400326650003800340650002700378650002400405650002200429700004000451700002400491CHAP20220329133329.0971013s r 00010 d a5025 a5997 a5214 cCHAP00aPeña Reséndiz, Roberto. aEstudio preliminar sobre los mecanismos de adaptación a la clorósis férrica en dos variedades de soya (Glycine max.) a[Chapingo, Méx.?] :bLos Autores,c[199?] a1 h. a55-15914aClorosis.14aPlantasxDeficiencias nutritivas.14aSoyaxInvestigación.14aSoyaxMejoramiento.14aSoyaxVariedades.0 aAlcantar Gonzalez, Ernesto Gabriel.0 aBaus Picard, Jorge.